• 首页
  • 本馆介绍
  • 公告通知
  • 最新文献
  • 馆藏检索
  • 电子资源
  • 读者导购
  • 参考咨询
  • 我的图书馆
  • 登录
  • 详细信息显示
  • 放入我的书架
  • 预约/预借图书
  • 作者相关作品
  • 分类相关作品
  • 丛书相关作品
  • 出版社相关作品

书目信息

  • 表格格式
  • 工作单格式
  • 卡片格式
题名:
报关综合业务
    
 
作者: 李细满 , 郭丽 主编
分册:  
出版信息: 北京   电子工业出版社  2014
页数: 230页
开本: 24cm
丛书名:
单 册:
中图分类: F752.5
科图分类:
主题词: 进出口贸易--海关手续--中国--高等学校--教材 , 进出口贸易 , 海关手续
电子资源:
ISBN: 978-7-121-15941-1
000 01034nam0 2200277 450
001 523
005 20140909101209.51
010    @a978-7-121-15941-1@dCNY32.00
100    @a20140611d2014 em y0chiy50 ea
101 0  @achi
102    @aCN@b110000
105    @ay z 000yy
106    @ar
200 1  @a报关综合业务@ABao Guan Zong He Ye Wu@f李细满,郭丽主编@FLi Xi Man, Guo Li Zhu Bian
210    @a北京@c电子工业出版社@d2014
215    @a230页@d24cm
300    @a21世纪高等学校应用型经管规划教材 国际经济与贸易系列
330    @a本书紧紧围绕报关员的岗位要求,全面、系统地介绍了报关与海关管理、报关单位与报关员、进出口贸易管理制度及其主要措施、海关监管货物的报关、进出口商品归类、进出口税费的征收,以及进出口货物报关单的填制等业务知识。
606 0  @a进出口贸易@x海关手续@y中国@x高等学校@j教材
606 0  @a进出口贸易
606 0  @a海关手续
690    @aF752.5@v5
701  0 @a李细满@ALi Xi Man@4主编
701  0 @a郭丽@AGuo Li@c(女,@f1968~)@4主编
801  0 @aCN@bTANGWEI@c20140603
905    @b0841418-20@dF752.5@e38@f3
    
    报关综合业务/李细满,郭丽主编.-北京:电子工业出版社,2014
    230页;24cm
    21世纪高等学校应用型经管规划教材 国际经济与贸易系列
    
    ISBN 978-7-121-15941-1:CNY32.00
    本书紧紧围绕报关员的岗位要求,全面、系统地介绍了报关与海关管理、报关单位与报关员、进出口贸易管理制度及其主要措施、海关监管货物的报关、进出口商品归类、进出口税费的征收,以及进出口货物报关单的填制等业务知识。
●
相关链接 在E读中查询图书 在五车中查询图书 在当当中查询图书 在豆瓣中查询图书


正题名:报关综合业务     索取号:F752.5/38         预约/预借

序号 登录号 条形码 馆藏地/架位号 状态 备注
1 0841418   208414189   第一样本阅览室/ [索取号:F752.5/38] 在馆    
2 0841419   208414198   密集书库-海洋学院/ [索取号:F752.5/38] 在馆    
3 0841420   208414205   第一借阅区/ [索取号:F752.5/38] 在馆    
唐山师范学院图书馆 欢迎您!
大连网信软件有限公司© 版权所有